[Event "Olimpiade 2014 - Open"]
[Site "Tromsø"]
[Date "02.08.2014"]
[Round "1.52"]
[Board "3"]
[White "Punongbayan, Hexilon Dela Cruz"]
[Black "Drasko, Milan"]
[Result "0-1"]
[BlackTitle "GM"]
[WhiteElo "2074"]
[BlackElo "2437"]
[WhiteTeam "Macau"]
[BlackTeam "Montenegro"]
[WhiteFideId "15400409"]
[BlackFideId "900397"]
[EventDate "2014.08.02"]

1. f4 Nf6 2. Nf3 d5 3. e3 g6 4. b3 Bg7 5. Bb2 O-O 6. Be2 c5 7. O-O Ne8 8. Bxg7
Nxg7 9. Ne5 f6 10. Nf3 Nc6 11. Bb5 Qb6 12. Bxc6 Qxc6 13. d3 b6 14. Nbd2 Qc7 15.
Qe1 Bb7 16. Qf2 Rad8 17. Rae1 Rd7 18. Nh4 e5 19. a4 e4 20. dxe4 dxe4 21. g3 Rfd8
22. Rd1 Rd6 23. Qe2 Qd7 24. Rf2 Ne8 25. Kf1 Nc7 26. c4 Na6 27. f5 g5 28. Ng2 Nb4
29. Ne1 Kh8 30. Qg4 Na2 31. Ra1 Nc3 32. Nb1 Rd1 33. Nxc3 Rxa1 34. Qe2 Qd3 35.
Qxd3 Rxd3 0-1

[Event "Olimpiade 2014 - Open"]
[Site "Tromsø"]
[Date "02.08.2014"]
[Round "1.52"]
[Board "4"]
[White "Kosic, Dragan"]
[Black "Fesalbon, Rolando"]
[Result "1-0"]
[WhiteTitle "GM"]
[WhiteElo "2486"]
[BlackElo "2051"]
[WhiteTeam "Montenegro"]
[BlackTeam "Macau"]
[WhiteFideId "900290"]
[BlackFideId "15400131"]
[EventDate "2014.08.02"]

1. d4 d5 2. Nf3 c5 3. c4 Nf6 4. cxd5 Bg4 5. dxc5 Qxd5 6. Qxd5 Nxd5 7. Ne5 Bf5 8.
e4 Nc6 9. Nxc6 bxc6 10. exf5 g6 11. fxg6 hxg6 12. Be2 e6 13. O-O Bg7 14. Na3 Bd4
15. Nc4 Bxc5 16. Bd2 Bd4 17. Rac1 Rb8 18. b3 c5 19. g3 Nb6 20. Bf4 Ra8 21. Bf3
Nd5 22. Be5 Bxe5 23. Nxe5 Rc8 24. Nd3 O-O 25. Bxd5 exd5 26. Rxc5 1-0

[Event "Olimpiade 2014 - Open"]
[Site "Tromsø"]
[Date "02.08.2014"]
[Round "1.53"]
[Board "1"]
[White "Colovic, Aleksandar"]
[Black "Hj, Azahari Siti Nur Fatimah"]
[Result "1-0"]
[WhiteTitle "GM"]
[WhiteElo "2487"]
[BlackElo "1985"]
[WhiteTeam "FYROM"]
[BlackTeam "Brunei"]
[WhiteFideId "15000729"]
[BlackFideId "10500359"]
[EventDate "2014.08.02"]

1. c4 c5 2. Nf3 Nf6 3. d4 cxd4 4. Nxd4 g6 5. Nc3 Nc6 6. e4 d6 7. Be2 Bg7 8. Be3
O-O 9. Qd2 Nxd4 10. Bxd4 Be6 11. O-O Rc8 12. b3 a6 13. Rad1 Qc7 14. f4 Rfd8 15.
Qe3 Re8 16. Bb6 Qb8 17. f5 Bd7 18. e5 dxe5 19. fxg6 hxg6 20. Rxf6 Bxf6 21. Rxd7
e6 22. Ne4 Bd8 23. Bxd8 Rexd8 24. Qh6 1-0

[Event "Olimpiade 2014 - Open"]
[Site "Tromsø"]
[Date "02.08.2014"]
[Round "1.53"]
[Board "2"]
[White "Suni, Syairazi"]
[Black "Pancevski, Filip"]
[Result "0-1"]
[BlackTitle "IM"]
[WhiteElo "1860"]
[BlackElo "2464"]
[WhiteTeam "Brunei"]
[BlackTeam "FYROM"]
[WhiteFideId "10500189"]
[BlackFideId "15002187"]
[EventDate "2014.08.02"]

1. e4 g6 2. d4 Bg7 3. Nf3 d6 4. c3 Nf6 5. Nbd2 O-O 6. Bd3 Nbd7 7. O-O e5 8. Nc4
exd4 9. cxd4 d5 10. e5 dxc4 11. exf6 Qxf6 12. Bxc4 Nb6 13. Bg5 Qd6 14. Rc1 Nxc4
15. Rxc4 Be6 16. Rc3 c6 17. a3 Rfe8 18. Qd2 Bd5 19. Bf4 Qd7 20. Rd1 Qf5 21. Bh6
Bh8 22. Qg5 Qxg5 23. Bxg5 Re6 24. Re3 Rae8 25. Rde1 Bxf3 26. gxf3 Bxd4 27. Rxe6
Rxe6 28. Rd1 c5 29. b4 f6 30. Bf4 Kf7 31. Bb8 a6 32. Ba7 b6 33. a4 Rd6 34. Kf1
cxb4 35. a5 Be5 36. Rc1 bxa5 37. Rc5 b3 38. Rc7+ Ke6 39. Rb7 a4 0-1

[Event "Olimpiade 2014 - Open"]
[Site "Tromsø"]
[Date "02.08.2014"]
[Round "1.53"]
[Board "3"]
[White "Mitkov, Nikola"]
[Black "Izzuddin, Zain"]
[Result "1-0"]
[WhiteTitle "GM"]
[WhiteElo "2500"]
[BlackElo "1933"]
[WhiteTeam "FYROM"]
[BlackTeam "Brunei"]
[WhiteFideId "15000290"]
[BlackFideId "10500677"]
[EventDate "2014.08.02"]

1. e4 e5 2. Bc4 Nf6 3. d3 c6 4. Bb3 d5 5. Nf3 Bb4+ 6. Bd2 Bxd2+ 7. Qxd2 a5 8. a3
a4 9. Ba2 dxe4 10. Nxe5 O-O 11. Nxf7 Rxf7 12. dxe4 Qe7 13. Bxf7+ Kxf7 14. f3
Nbd7 15. O-O Ne5 16. Qc3 b5 17. Nd2 Qc7 18. Kh1 Kg8 19. Rae1 Be6 20. f4 Nc4 21.
Nxc4 Bxc4 22. Rf3 Re8 23. e5 Ng4 24. h3 Nh6 25. f5 Bd5 26. Rf2 Qe7 27. Qg3 Kh8
28. Re3 Qc7 29. Qf4 Qe7 30. f6 Qf8 31. Kh2 g6 32. e6 Rxe6 33. Rxe6 Bxe6 34. Re2
Bd5 35. g4 Nf7 36. Re7 Qd8 37. Rb7 Nd6 38. Qh6 1-0

[Event "Olimpiade 2014 - Open"]
[Site "Tromsø"]
[Date "02.08.2014"]
[Round "1.53"]
[Board "4"]
[White "Kamis, Kamarunsalehin"]
[Black "Bogdanovski, Vlatko"]
[Result "0-1"]
[BlackTitle "GM"]
[WhiteElo "1977"]
[BlackElo "2426"]
[WhiteTeam "Brunei"]
[BlackTeam "FYROM"]
[WhiteFideId "10500170"]
[BlackFideId "15000206"]
[EventDate "2014.08.02"]

1. d4 Nf6 2. c4 g6 3. Nc3 d5 4. Nf3 Bg7 5. cxd5 Nxd5 6. Qb3 Nb6 7. Bg5 O-O 8. e3
Nc6 9. Rd1 a5 10. Be2 a4 11. Qc2 Nb4 12. Qd2 Be6 13. Ne4 Na6 14. Bxa6 bxa6 15.
O-O Bxa2 16. Nc5 Bc4 17. Rfe1 Bb5 18. Rc1 Re8 19. Qc2 Qd5 20. Bf4 Rac8 21. Ra1
Red8 22. Rec1 h6 23. h3 Qa8 24. Bg3 Qd5 25. Ne5 e6 26. Ncd3 Qb3 27. Ra3 Qxc2 28.
Rxc2 Bf8 29. Ra1 f6 30. Nc6 Bxd3 31. Rc3 Bb5 32. Nxd8 Nd5 33. Rcc1 Rxd8 34. e4
Nb4 35. Rxc7 Rxd4 36. f3 Rd7 37. Rc8 Nd3 38. Be1 Kf7 39. Bc3 g5 40. Kh1 e5 41.
Kh2 Nf4 42. Ba5 h5 43. h4 gxh4 44. Be1 Nd3 45. Bc3 Bh6 46. Rb1 Bf4+ 47. Kh1 0-1

[Event "Olimpiade 2014 - Open"]
[Site "Tromsø"]
[Date "02.08.2014"]
[Round "1.54"]
[Board "1"]
[White "Mandizha, Farai"]
[Black "Abdulla, Al-Rakib"]
[Result "0-1"]
[WhiteTitle "IM"]
[BlackTitle "GM"]
[WhiteElo "2388"]
[BlackElo "2522"]
[WhiteTeam "Zimbabwe"]
[BlackTeam "Bangladesh"]
[WhiteFideId "11000430"]
[BlackFideId "10200444"]
[EventDate "2014.08.02"]

1. c4 Nf6 2. Nf3 b6 3. g3 Bb7 4. Bg2 e6 5. O-O Be7 6. Nc3 O-O 7. Re1 Ne4 8. Nxe4
Bxe4 9. d3 Bb7 10. e4 c5 11. d4 cxd4 12. Nxd4 Nc6 13. Be3 Nxd4 14. Bxd4 Qc7 15.
Rc1 e5 16. Bc3 Rfe8 17. Qg4 a5 18. Red1 Bc6 19. Rd3 Bc5 20. Rcd1 Re6 21. Qh5
Rae8 22. a3 a4 23. R1d2 Qb7 24. Qd1 Qa6 25. Rc2 Qa8 26. Qe1 R6e7 27. Bb4 f5 28.
Bxc5 bxc5 29. Qe3 fxe4 30. Rdd2 Rf7 31. Re2 d6 32. Rcd2 Rf3 33. Bxf3 exf3 34.
Re1 Qc8 35. Qd3 e4 36. Qf1 Qd7 37. Red1 d5 38. Rxd5 Bxd5 39. cxd5 h6 40. h3 Qd6
41. Qb5 Rd8 42. Kh2 e3 43. fxe3 Rb8 44. Qxa4 Qe5 45. h4 Rxb2+ 46. Kh3 h5 47. Qf4
Rh2+ 48. Kxh2 Qb2+ 0-1

[Event "Olimpiade 2014 - Open"]
[Site "Tromsø"]
[Date "02.08.2014"]
[Round "1.54"]
[Board "2"]
[White "Hossain, Enamul"]
[Black "Makoto, Rodwell"]
[Result "0-1"]
[WhiteTitle "GM"]
[BlackTitle "IM"]
[WhiteElo "2421"]
[BlackElo "2279"]
[WhiteTeam "Bangladesh"]
[BlackTeam "Zimbabwe"]
[WhiteFideId "10200649"]
[BlackFideId "11000120"]
[EventDate "2014.08.02"]

1. e4 e5 2. Nf3 Nc6 3. Bc4 Bc5 4. c3 Nf6 5. d3 d6 6. Bb3 Bb6 7. h3 Ne7 8. Nbd2
c6 9. O-O Ng6 10. d4 O-O 11. Re1 h6 12. Nf1 d5 13. exd5 exd4 14. dxc6 dxc3 15.
Qc2 Ne7 16. Ng3 bxc6 17. bxc3 Qc7 18. Kh1 c5 19. Ne5 Bb7 20. Nf5 Nxf5 21. Qxf5
Qc8 22. Qxc8 Raxc8 23. Be3 Nd5 24. c4 Nxe3 25. Rxe3 Rcd8 26. Kg1 Rfe8 27. Ng4
Rxe3 28. Nxe3 Rd4 29. Nf5 Rf4 30. Nd6 Bc6 31. Re1 Kf8 32. g3 Rd4 33. Nf5 Rd2 34.
Rd1 Rb2 35. Ne3 Bf3 36. Rc1 Ba5 37. Nd5 Bd2 38. Ra1 h5 39. Kf1 g6 40. Kg1 Bh6
41. Re1 Bg7 42. Ne3 Bd4 43. Nc2 Bc3 44. Rc1 Bd2 45. Ra1 Be4 46. Rd1 Bc3 47. Ne3
Bd4 48. Kf1 a5 49. Re1 Bb1 50. Nd1 Rd2 51. a4 Ba2 52. Bxa2 Rxa2 53. Re2 Rxa4 54.
Rc2 Ra1 55. Ke2 a4 56. h4 Ke7 57. Nc3 a3 58. Nd1 a2 0-1

[Event "Olimpiade 2014 - Open"]
[Site "Tromsø"]
[Date "02.08.2014"]
[Round "1.54"]
[Board "3"]
[White "Masango, Spencer"]
[Black "Minhazuddin, Ahmed"]
[Result "0-1"]
[BlackTitle "IM"]
[WhiteElo "2155"]
[BlackElo "2418"]
[WhiteTeam "Zimbabwe"]
[BlackTeam "Bangladesh"]
[WhiteFideId "14300753"]
[BlackFideId "10201955"]
[EventDate "2014.08.02"]

1. Nf3 Nf6 2. c4 e6 3. g3 b6 4. Bg2 Bb7 5. Nc3 Bb4 6. O-O O-O 7. Qc2 Re8 8. a3
Bf8 9. d4 d6 10. Bg5 Nbd7 11. Rad1 h6 12. Bc1 c5 13. d5 exd5 14. Nh4 Qc7 15.
Nxd5 Nxd5 16. Bxd5 Bxd5 17. cxd5 b5 18. b3 Rac8 19. Bb2 c4 20. bxc4 Qxc4 21. Qf5
Nb6 22. Rd4 Qxe2 23. Rf4 Rc7 24. Bd4 Nc4 25. Nf3 Nd2 26. Nxd2 Qxd2 27. Rg4 Re1
28. Be3 Rxf1+ 29. Kxf1 Qd1+ 30. Kg2 Rc4 31. Rxc4 bxc4 32. Qf3 Qa4 33. Bd4 a5 34.
h4 Qb3 35. Qc3 a4 36. Kf3 Qb5 37. Ke4 h5 38. Be3 f5+ 39. Kf4 Qxd5 40. Qd4 Qxd4+
41. Bxd4 g6 0-1

[Event "Olimpiade 2014 - Open"]
[Site "Tromsø"]
[Date "02.08.2014"]
[Round "1.55"]
[Board "1"]
[White "Karttunen, Mika"]
[Black "Prasad, Calvin"]
[Result "1-0"]
[WhiteTitle "IM"]
[BlackTitle "CM"]
[WhiteElo "2437"]
[BlackElo "2011"]
[WhiteTeam "Finland"]
[BlackTeam "Fiji"]
[WhiteFideId "502081"]
[BlackFideId "11400072"]
[EventDate "2014.08.02"]

1. e4 c6 2. d4 d5 3. e5 Bf5 4. Be3 e6 5. Nd2 Nd7 6. Ngf3 Bg6 7. Be2 Nh6 8. O-O
Nf5 9. Bf4 Be7 10. Nb3 Rc8 11. Qd2 O-O 12. Rac1 c5 13. c4 dxc4 14. Bxc4 Nxd4 15.
Nfxd4 cxd4 16. Nxd4 Nb6 17. Bb3 Rxc1 18. Rxc1 Nd5 19. Be3 Bb4 20. Qe2 Nxe3 21.
Qxe3 Qa5 22. Nf3 h6 23. Rc4 Rd8 24. h3 Rd3 25. Rc8+ Kh7 26. Qc1 Rd8 27. Rc7 Bd2
28. Nxd2 Rxd2 29. Rxb7 Qa6 30. Qxd2 Qxb7 31. Bc2 Qc7 32. Bxg6+ fxg6 33. f4 Qc4
34. b4 Qe4 35. a4 Qc6 36. a5 Qc4 37. Kf2 a6 38. Kg3 Qb3+ 39. Kh2 Qc4 40. Kg1 Qe4
41. Kf2 Qc4 42. Ke3 Qb3+ 43. Kd4 Qd5+ 44. Kc3 Qe4 45. g3 Qc6+ 46. Kb3 Qf3+ 47.
Qc3 Qd1+ 48. Ka3 Qf1 49. h4 Qb5 50. Qb3 Qc6 51. Qd3 Qc1+ 52. Kb3 Qc6 53. h5 1-0

[Event "Olimpiade 2014 - Open"]
[Site "Tromsø"]
[Date "02.08.2014"]
[Round "1.55"]
[Board "2"]
[White "Kumar, Manoj"]
[Black "Agopov, Mikael"]
[Result "0-1"]
[WhiteTitle "CM"]
[BlackTitle "IM"]
[WhiteElo "1987"]
[BlackElo "2431"]
[WhiteTeam "Fiji"]
[BlackTeam "Finland"]
[WhiteFideId "11400064"]
[BlackFideId "501840"]
[EventDate "2014.08.02"]

1. d4 Nf6 2. Nf3 e6 3. g3 c5 4. Bg2 cxd4 5. O-O Nc6 6. Nxd4 Qb6 7. Nb3 d5 8. Be3
Qd8 9. c4 Be7 10. cxd5 Nxd5 11. Bd2 a5 12. Nc3 a4 13. Nc1 Nb6 14. Nd3 O-O 15.
Ne4 f5 16. Nec5 e5 17. Rc1 e4 18. Nf4 Rf6 19. Be3 Rd6 20. Qc2 Nb4 21. Qb1 g5 22.
Nh3 N6d5 23. b3 Nxe3 24. fxe3 Nd5 25. Rfd1 Nxe3 26. Rxd6 Qxd6 27. bxa4 Nxg2 28.
Kxg2 b6 29. Nb3 e3 30. Rxc8+ Rxc8 31. Qxf5 Qc6+ 32. Kg1 Rd8 33. Qb1 Qxa4 34. Kg2
Qc6+ 35. Kg1 Rd6 0-1

[Event "Olimpiade 2014 - Open"]
[Site "Tromsø"]
[Date "02.08.2014"]
[Round "1.55"]
[Board "3"]
[White "Sipila, Vilka"]
[Black "Goundar, Sanmogam"]
[Result "1-0"]
[WhiteTitle "IM"]
[BlackTitle "CM"]
[WhiteElo "2425"]
[BlackElo "1952"]
[WhiteTeam "Finland"]
[BlackTeam "Fiji"]
[WhiteFideId "505455"]
[BlackFideId "11400110"]
[EventDate "2014.08.02"]

1. h3 g6 2. e4 Bg7 3. Nf3 c5 4. Bc4 Nc6 5. O-O e6 6. Nc3 Nge7 7. d3 O-O 8. Bg5
h6 9. Bf4 d5 10. Bb3 a6 11. a4 b6 12. Re1 Bb7 13. exd5 Nxd5 14. Nxd5 exd5 15. c3
Qd7 16. Qd2 Kh7 17. d4 Rad8 18. h4 h5 19. dxc5 bxc5 20. Rad1 Na5 21. Bc2 Nc4 22.
Qc1 Nd6 23. Qe3 Qc8 24. Qd3 Ne4 25. Ng5+ Nxg5 26. Bxg5 Rde8 27. Be7 Rg8 28. Qf3
f5 29. Qg3 Qc6 30. Re2 d4 31. cxd4 Bxd4 32. Bb3 Rg7 33. Rde1 Bxb2 34. Re6 Qc8
35. Bf6 Bxf6 36. Rxe8 Qc7 37. Qxc7 Rxc7 38. Rf8 Bxh4 39. Bc4 Kg7 40. Rg8+ Kh7
41. Re6 Rd7 42. Rgxg6 Rd1+ 43. Kh2 Bxf2 44. Rh6+ Kg7 45. Reg6+ Kf8 46. Rh8+ Ke7
47. Rh7+ 1-0

[Event "Olimpiade 2014 - Open"]
[Site "Tromsø"]
[Date "02.08.2014"]
[Round "1.55"]
[Board "4"]
[White "Sikivou, Taione"]
[Black "Ebeling, Daniel"]
[Result "0-1"]
[BlackTitle "FM"]
[WhiteElo "1817"]
[BlackElo "2445"]
[WhiteTeam "Fiji"]
[BlackTeam "Finland"]
[WhiteFideId "11400153"]
[BlackFideId "505170"]
[EventDate "2014.08.02"]

1. e4 c5 2. Nc3 Nc6 3. g3 g6 4. Bg2 Bg7 5. d3 d6 6. Be3 e6 7. Qd2 Rb8 8. f4 Nge7
9. Nf3 Nd4 10. O-O b5 11. g4 b4 12. Nd1 f5 13. h3 O-O 14. c3 bxc3 15. bxc3 Nxf3+
16. Bxf3 Qa5 17. Rf2 Bb7 18. Rb1 Bc6 19. Rb3 Rb6 20. Qc1 Qa6 21. Be2 Qb7 22. e5
Rxb3 23. axb3 dxe5 24. Bxc5 Rf7 25. fxe5 Bxe5 26. Qe3 Qc7 27. d4 Bg3 28. Rf3
Bxf3 29. Bxf3 Bd6 30. b4 Bxc5 31. bxc5 Qg3+ 32. Bg2 Qxe3+ 33. Nxe3 f4 34. Nc4 f3
35. Bf1 f2+ 36. Kg2 Nd5 37. Kg3 Rf8 38. Nd2 Ne3 0-1

[Event "Olimpiade 2014 - Open"]
[Site "Tromsø"]
[Date "02.08.2014"]
[Round "1.56"]
[Board "1"]
[White "Lee, Sanghoon"]
[Black "Al-Modiahki, Mohamad"]
[Result "0-1"]
[WhiteTitle "FM"]
[BlackTitle "GM"]
[WhiteElo "2114"]
[BlackElo "2549"]
[WhiteTeam "South Korea"]
[BlackTeam "Qatar"]
[WhiteFideId "13200011"]
[BlackFideId "12100030"]
[EventDate "2014.08.02"]

1. c4 Nf6 2. g3 g6 3. Bg2 Bg7 4. Nc3 O-O 5. e4 d6 6. Nge2 c5 7. O-O Nc6 8. d3
Bd7 9. h3 Ne8 10. Be3 Nd4 11. Rb1 Nc7 12. b4 b6 13. bxc5 dxc5 14. Bxd4 cxd4 15.
Nd5 Na6 16. f4 e6 17. Nb4 Nc5 18. e5 Ba4 19. Qd2 Rc8 20. g4 g5 21. Rbe1 gxf4 22.
Nxf4 Qg5 23. Qe2 Nd7 24. Nh5 Bxe5 25. Qf2 f5 26. Nf4 Qxf4 27. Qxf4 Bxf4 28. Rxf4
Nc5 29. Re2 a5 30. Nc2 e5 31. Rxf5 Rxf5 32. gxf5 Nxd3 33. Ne1 Nxe1 34. Rxe1 d3
35. Rxe5 d2 36. Bf3 d1=Q+ 37. Bxd1 Bxd1 38. Re6 Rxc4 39. Rxb6 Rc2 40. a3 Rc3 41.
a4 Bxa4 42. Ra6 Rc5 43. f6 Bd7 44. h4 Kf7 45. Kf2 h5 46. Ke3 Be6 0-1

[Event "Olimpiade 2014 - Open"]
[Site "Tromsø"]
[Date "02.08.2014"]
[Round "1.56"]
[Board "2"]
[White "Zhu, Chen"]
[Black "Kim, Inguh"]
[Result "1-0"]
[WhiteTitle "GM"]
[BlackTitle "CM"]
[WhiteElo "2461"]
[BlackElo "1829"]
[WhiteTeam "Qatar"]
[BlackTeam "South Korea"]
[WhiteFideId "8600546"]
[BlackFideId "13201204"]
[EventDate "2014.08.02"]

1. d4 d5 2. c4 e6 3. Nc3 c5 4. cxd5 exd5 5. Nf3 Nc6 6. g3 Nf6 7. Bg2 Be7 8. O-O
O-O 9. Bg5 cxd4 10. Nxd4 h6 11. Be3 Bg4 12. Qa4 Qd7 13. Rfd1 a6 14. Nxc6 bxc6
15. Rac1 Rfb8 16. Rd2 Rb4 17. Qd1 Rab8 18. b3 Bd6 19. Bd4 Nh7 20. Ne4 Be7 21.
Nc5 Qc8 22. Be5 Ra8 23. Nd3 Rb5 24. a4 Rb6 25. Bd4 Qb7 26. Bxb6 Qxb6 27. Ne5 1-0

[Event "Olimpiade 2014 - Open"]
[Site "Tromsø"]
[Date "02.08.2014"]
[Round "1.56"]
[Board "3"]
[White "Kim, Saebyeok"]
[Black "Nezad, Husein Aziz"]
[Result "0-1"]
[BlackTitle "IM"]
[WhiteElo "1873"]
[BlackElo "2365"]
[WhiteTeam "South Korea"]
[BlackTeam "Qatar"]
[WhiteFideId "13200518"]
[BlackFideId "12100293"]
[EventDate "2014.08.02"]

1. e4 e5 2. Nf3 Nc6 3. d4 exd4 4. Nxd4 Nf6 5. Nxc6 bxc6 6. e5 Qe7 7. Qe2 Nd5 8.
c4 Nb6 9. Nc3 Bb7 10. Bd2 O-O-O 11. O-O-O Re8 12. f4 f6 13. exf6 Qf7 14. Qf2
gxf6 15. Qd4 c5 16. Qd3 f5 17. Rg1 Bg7 18. Be3 d6 19. Bf2 Be4 20. Nxe4 Rxe4 21.
Qa3 Rhe8 22. Qxa7 Rxf4 23. Bg3 Rxc4+ 24. Kb1 Qf6 25. Qa3 Re3 26. Bd3 Rb4 27. Rd2
Na4 28. Ba6+ Kb8 29. Qxe3 Rxb2+ 30. Kc1 Rxd2 31. Qe8+ Ka7 32. Kxd2 Qd4+ 33. Bd3
Bh6+ 34. Ke2 Nc3+ 35. Ke1 Qxg1+ 36. Bf1 Qd4 37. Be2 Be3 0-1

[Event "Olimpiade 2014 - Open"]
[Site "Tromsø"]
[Date "02.08.2014"]
[Round "1.56"]
[Board "4"]
[White "Al-Tamimi, Hamad"]
[Black "Kim, Changhoon"]
[Result "1-0"]
[WhiteElo "2186"]
[BlackElo "1846"]
[WhiteTeam "Qatar"]
[BlackTeam "South Korea"]
[WhiteFideId "12100285"]
[BlackFideId "34117234"]
[EventDate "2014.08.02"]

1. e4 c5 2. Nf3 g6 3. d4 cxd4 4. Qxd4 Nf6 5. Nc3 Nc6 6. Qa4 d6 7. e5 dxe5 8.
Nxe5 Bd7 9. Nxd7 Qxd7 10. Be3 Bg7 11. Be2 O-O 12. Rd1 Qe6 13. O-O a6 14. h3 b5
15. Qb3 Qe5 16. Bf3 Rac8 17. Bxc6 Rxc6 18. Ne2 Rc4 19. c3 Qc7 20. Nd4 Rd8 21.
Nf3 Ne4 22. Rxd8+ Qxd8 23. Rd1 Qc7 24. Nd2 Nxd2 25. Rxd2 Be5 26. a3 Kg7 27. Qd1
Bd6 28. Rd5 Qc8 29. Qf3 Qe6 30. Rd1 Qe4 31. Bd4+ Rxd4 32. cxd4 Qc2 33. b4 h5 34.
h4 Kg8 35. g3 Kg7 36. Qd3 Qc8 37. Kg2 Qc6+ 38. Qf3 Qc2 39. Rd3 Qb2 40. Qc6 Qe2
41. Re3 Qg4 42. Qe4 Qd1 43. Rf3 f5 44. Qd3 Qe1 45. Re3 Qc1 46. Re2 Qc6+ 47. d5
Qd7 48. Qc3+ Kh7 49. Qc6 Qa7 50. Qe8 Qd4 51. Qf7+ Kh8 52. Qxg6 Qxd5+ 53. Kh2 Qf3
54. Rc2 1-0

[Event "Olimpiade 2014 - Open"]
[Site "Tromsø"]
[Date "02.08.2014"]
[Round "1.57"]
[Board "1"]
[White "Urkedal, Frode"]
[Black "De Mey, Juan Pablo"]
[Result "1-0"]
[WhiteTitle "IM"]
[BlackTitle "FM"]
[WhiteElo "2500"]
[BlackElo "1937"]
[WhiteTeam "Norway 2"]
[BlackTeam "Aruba"]
[WhiteFideId "1506102"]
[BlackFideId "15900312"]
[EventDate "2014.08.02"]

1. d4 d6 2. Nf3 f5 3. Nc3 e6 4. e4 fxe4 5. Nxe4 Be7 6. Bd3 Nf6 7. Qe2 Nxe4 8.
Qxe4 d5 9. Qe2 Nc6 10. c3 Bf6 11. h4 Qe7 12. Bf4 Rf8 13. Qe3 Qf7 14. Bg3 h5 15.
O-O-O Kd8 16. Qf4 Qe7 17. Qe3 a6 18. Bg6 b5 19. Kb1 Na5 20. b3 Rb8 21. Ne5 Bxe5
22. Qxe5 Rf6 23. Qxh5 b4 24. Rc1 Nc4 25. cxb4 Qxb4 26. Qh8+ Rf8 27. Qxg7 Bd7 28.
Bd3 Qa3 29. Qg5+ Kc8 30. Rxc4 Rxb3+ 31. axb3 Qxb3+ 32. Kc1 Qa3+ 33. Kd2 dxc4 34.
Bxc4 Qb2+ 35. Ke3 Qc3+ 36. Bd3 e5 37. Bxe5 c5 38. Qe7 Re8 39. Qxc5+ Qxc5 40.
Bxa6+ Kd8 41. dxc5 1-0

[Event "Olimpiade 2014 - Open"]
[Site "Tromsø"]
[Date "02.08.2014"]
[Round "1.57"]
[Board "2"]
[White "Seijp V/d, Quintin"]
[Black "Hansen, Torbjorn Ringdal"]
[Result "0-1"]
[BlackTitle "IM"]
[WhiteElo "1883"]
[BlackElo "2450"]
[WhiteTeam "Aruba"]
[BlackTeam "Norway 2"]
[WhiteFideId "15900428"]
[BlackFideId "1501720"]
[EventDate "2014.08.02"]

1. d4 Nf6 2. c4 e6 3. Nc3 Bb4 4. Qc2 d6 5. Bg5 Nbd7 6. e3 h6 7. Bxf6 Qxf6 8. a3
Bxc3+ 9. Qxc3 b6 10. Be2 Bb7 11. Bf3 Rb8 12. Bxb7 Rxb7 13. Nf3 O-O 14. O-O c5
15. Rfd1 Rc8 16. Rac1 cxd4 17. Qxd4 Qxd4 18. Nxd4 Rbc7 19. Nb5 Rxc4 20. Rxc4
Rxc4 21. Nxd6 Rc2 22. h3 Nf6 23. b4 a6 24. Rd3 h5 25. f4 h4 26. e4 Nh5 27. f5
Nf4 28. Rf3 e5 29. b5 axb5 30. Nxb5 Rxg2+ 31. Kf1 Rh2 32. Nc7 Nxh3 33. Nd5 Ng5
34. Re3 Rb2 35. f6 gxf6 36. Nxf6+ Kg7 37. Ng4 h3 38. Rg3 f6 39. Kg1 Kg6 40. Ne3
Rb3 41. Kh2 Rxa3 0-1

[Event "Olimpiade 2014 - Open"]
[Site "Tromsø"]
[Date "02.08.2014"]
[Round "1.57"]
[Board "3"]
[White "Tari, Aryan"]
[Black "Bueno, Mark"]
[Result "1-0"]
[WhiteTitle "IM"]
[WhiteElo "2440"]
[BlackElo "1828"]
[WhiteTeam "Norway 2"]
[BlackTeam "Aruba"]
[WhiteFideId "1510045"]
[BlackFideId "15900371"]
[EventDate "2014.08.02"]

1. c4 Nf6 2. d4 e6 3. Nf3 b6 4. g3 Bb7 5. Bg2 Be7 6. O-O O-O 7. Nc3 d5 8. Ne5
Nbd7 9. Qa4 c5 10. Nxd7 Nxd7 11. cxd5 cxd4 12. Qxd4 Bf6 13. Qd1 Bxc3 14. bxc3
exd5 15. c4 Nf6 16. Bg5 h6 17. Bxf6 Qxf6 18. cxd5 Qd6 19. Qd2 Rac8 20. Rac1 Rxc1
21. Rxc1 Rc8 22. Rxc8+ Bxc8 23. e4 Kf8 24. f4 f6 25. Qc3 Qc5+ 26. Qxc5+ bxc5 27.
Kf2 Ke7 28. e5 fxe5 29. fxe5 Ba6 30. Bf1 Bc8 31. Ke3 g5 32. d6+ Kd8 33. Bc4 Kd7
34. Ke4 Bb7+ 35. Kf5 Bf3 36. Bb5+ 1-0

[Event "Olimpiade 2014 - Open"]
[Site "Tromsø"]
[Date "02.08.2014"]
[Round "1.57"]
[Board "4"]
[White "Pesqueira, Jose"]
[Black "Salomon, Johan"]
[Result "0-1"]
[WhiteTitle "CM"]
[WhiteElo "1969"]
[BlackElo "2353"]
[WhiteTeam "Aruba"]
[BlackTeam "Norway 2"]
[WhiteFideId "15900037"]
[BlackFideId "1509500"]
[EventDate "2014.08.02"]

1. d4 Nf6 2. c4 e6 3. Nc3 Bb4 4. Qc2 d6 5. a3 Bxc3+ 6. Qxc3 Nbd7 7. f3 e5 8. e4
c6 9. Bd3 exd4 10. Qxd4 Nc5 11. Bc2 Ne6 12. Qf2 O-O 13. Ne2 d5 14. cxd5 cxd5 15.
exd5 Nxd5 16. O-O Qf6 17. Rd1 Nb6 18. Nc3 Nf4 19. Bxf4 Qxf4 20. Rd4 Qf6 21. Rad1
Be6 22. Ne4 Qe7 23. Nc5 Qxc5 24. Bxh7+ Kh8 25. Qh4 g6 26. Bxg6+ Kg7 27. Qh7+ Kf6
28. Qh4+ Kxg6 29. Qg3+ Qg5 30. Qd6 Rfd8 31. Qxd8 Rxd8 32. Rxd8 Kg7 33. R8d4 Qe3+
34. Kh1 Nc4 0-1

[Event "Olimpiade 2014 - Open"]
[Site "Tromsø"]
[Date "02.08.2014"]
[Round "1.58"]
[Board "1"]
[White "Masrhi, Abdulrahman A"]
[Black "Batchuluun, Tsegmed"]
[Result "0-1"]
[BlackTitle "GM"]
[WhiteElo "1746"]
[BlackElo "2513"]
[WhiteTeam "Saudi Arabia"]
[BlackTeam "Mongolia"]
[WhiteFideId "21501564"]
[BlackFideId "4900847"]
[EventDate "2014.08.02"]

1. d4 d5 2. Bf4 c5 3. e3 Nc6 4. Nf3 Bg4 5. Be2 e6 6. Nbd2 cxd4 7. exd4 Qb6 8.
Nb3 Nf6 9. h3 Bh5 10. O-O Be7 11. a4 O-O 12. a5 Qd8 13. Ne5 Bxe2 14. Qxe2 Rc8
15. c3 a6 16. Nd3 Ne4 17. f3 Nd6 18. Ndc5 Rb8 19. Rfe1 Re8 20. Qd3 Bf8 21. Ra2
Qh4 22. Qd2 Nc4 23. Qc1 e5 24. Bh2 exd4 25. Nd3 Rxe1+ 26. Qxe1 Qxe1+ 27. Nxe1
Re8 28. Nd3 Re3 29. Nbc1 dxc3 30. bxc3 N6xa5 0-1